| Tag |
First Indicator |
Second Indicator |
Subfields |
| LEADER |
00000cam a2200000 a 4500 |
| 001 |
in00005772321 |
| 005 |
20260327174930.3 |
| 006 |
m o d |
| 007 |
cr |n||||||||| |
| 008 |
230902s2024 ne o 000 0 eng d |
| 040 |
|
|
|a YDX
|b eng
|c YDX
|d OPELS
|d OCLCO
|d OCLCL
|d VLB
|
| 020 |
|
|
|a 9780323993678
|q (electronic bk.)
|
| 020 |
|
|
|a 0323993672
|q (electronic bk.)
|
| 020 |
|
|
|z 9780323991438
|
| 020 |
|
|
|z 0323991432
|
| 035 |
|
|
|a (OCoLC)1395886590
|
| 050 |
|
4 |
|a TA1750
|b .M48 2024eb
|
| 082 |
0 |
4 |
|a 621.381045
|2 23/eng/20240129
|
| 049 |
|
|
|a TXAM
|
| 245 |
0 |
0 |
|a Metal oxides for next-generation optoelectronic, photonic, and photovoltaic applications /
|c edited by Vijay Kumar, Vishal Sharma, Hendrik C. Swart, Subrata Das.
|
| 264 |
|
1 |
|a Amsterdam :
|b Elsevier,
|c [2024]
|
| 300 |
|
|
|a 1 online resource
|
| 336 |
|
|
|a text
|b txt
|2 rdacontent
|
| 337 |
|
|
|a computer
|b c
|2 rdamedia
|
| 338 |
|
|
|a online resource
|b cr
|2 rdacarrier
|
| 490 |
0 |
|
|a Metal oxides series
|
| 588 |
0 |
|
|a Print version record.
|
| 650 |
|
0 |
|a Optoelectronic devices
|x Materials.
|
| 650 |
|
0 |
|a Metallic oxides
|x Industrial applications.
|
| 650 |
|
0 |
|a Metallic oxides
|x Optical properties.
|
| 650 |
|
6 |
|a Dispositifs optoélectroniques
|x Matériaux.
|
| 650 |
|
6 |
|a Oxydes métalliques
|x Applications industrielles.
|
| 650 |
|
6 |
|a Oxydes métalliques
|x Propriétés optiques.
|
| 655 |
|
7 |
|a Electronic books.
|2 local
|
| 700 |
1 |
|
|a Kumar, Vijay.
|
| 710 |
2 |
|
|a ScienceDirect (Online service)
|
| 776 |
0 |
8 |
|c Original
|z 0323991432
|z 9780323991438
|w (OCoLC)1368076015
|
| 776 |
0 |
8 |
|i Print version:
|t Metal oxides for next-generation optoelectronic, photonic, and photovoltaic applications.
|d Amsterdam : Elsevier, [2024]
|z 9780323991438
|w (OCoLC)1390609942
|
| 856 |
4 |
0 |
|u http://proxy.library.tamu.edu/login?url=https://www.sciencedirect.com/science/book/9780323991438
|z Connect to the full text of this electronic book
|t 0
|
| 955 |
|
|
|a Elsevier ScienceDirect 2026-2027
|
| 955 |
|
|
|a Knovel ebooks
|
| 994 |
|
|
|a 92
|b TXA
|
| 999 |
f |
f |
|i 8d441e30-d072-43b7-b7f3-f8d01e99eaec
|s 58d0c1de-079d-462e-85f1-9e46ba88fe1e
|t 0
|
| 952 |
f |
f |
|a Texas A&M University
|b College Station
|c Electronic Resources
|s www_evans
|d Available Online
|t 0
|e TA1750 .M48 2024eb
|h Library of Congress classification
|
| 998 |
f |
f |
|a TA1750 .M48 2024eb
|t 0
|l Available Online
|